[Event "Dortmund Sparkassen op-B"]
[Site "Dortmund"]
[Date "2012.07.15"]
[Round "2"]
[White "Brock, Udo"]
[Black "Shishkov, Mark"]
[Result "0-1"]
[WhiteElo "1619"]
[BlackElo "1824"]
[PlyCount "70"]
[EventDate "2012.07.14"]
[EventType "swiss"]
[EventRounds "9"]
[EventCountry "GER"]
[SourceTitle "EXT 2014"]
[Source "ChessBase"]
[SourceDate "2013.11.20"]
[SourceVersion "1"]
[SourceVersionDate "2013.11.20"]
[SourceQuality "1"]

1. d4 Nf6 2. Nf3 d5 3. b3 Bf5 4. e3 e6 5. Bd3 Bg6 6. Nbd2 Nbd7 7. Bb2 Bd6 8. Ne5 0-0 9. Nxg6 hxg6 10. Nf3 c5 11. 0-0 Qc7 12. c4 dxc4 13. Bxc4 Rac8 14. Rc1 Qb8 15. h3 b5 16. dxc5 Nxc5 17. Bxb5 Qxb5 18. Qxd6 Rfd8 19. Qe5 Rd5 20. Qc3 Rcd8 21. Qc4 Qb7 22. Bd4 Nfe4 23. Qe2 Na6 24. a3 Ra5 25. Qb2 Rf5 26. b4 Rxf3 27. gxf3 Ng5 28. Rfd1 Qxf3 29. Kf1 e5 30. Ke1 exd4 31. Rxd4 Re8 32. Qe2 Qh1+ 33. Qf1 Nf3+ 34. Ke2 Nxd4+ 35. Kd3 Qe4+ 0-1

[Event "GER-chA U25"]
[Site "Oberhof"]
[Date "2011.06.14"]
[Round "5"]
[White "Shishkov, Mark"]
[Black "Meulner, Fabian"]
[Result "1/2-1/2"]
[WhiteElo "1987"]
[BlackElo "1823"]
[PlyCount "170"]
[EventDate "2011.06.11"]
[EventType "swiss"]
[EventRounds "9"]
[EventCountry "GER"]
[SourceTitle "CBM 142 Extra"]
[Source "ChessBase"]
[SourceDate "2011.06.27"]
[SourceVersion "1"]
[SourceVersionDate "2011.06.27"]
[SourceQuality "1"]

1. d4 Nf6 2. c4 e6 3. g3 Bb4+ 4. Bd2 Qe7 5. Bg2 0-0 6. Nf3 d5 7. 0-0 Bxd2 8. Nbxd2 Nbd7 9. Qc2 c5 10. Rac1 b6 11. Rfd1 Bb7 12. Ne5 cxd4 13. Ndf3 Rac8 14. Rxd4 Nxe5 15. Nxe5 Qd6 16. f4 Qb8 17. Qd2 dxc4 18. Rcxc4 Bxg2 19. Rxc8 Rxc8 20. Kxg2 Qa8+ 21. Kh3 g6 22. Qd3 Kg7 23. Qa3 Rc2 24. Qe7 Qf8 25. Qxa7 Rxb2 26. Rc4 Rxe2 27. Rc7 Rxe5 28. fxe5 Nd5 29. Rb7 h5 30. Rd7 g5 31. Kg2 Kg6 32. Qa4 Qc5 33. Qe4+ Kg7 34. Rxd5 Qxd5 35. Qxd5 exd5 36. Kf3 Kg6 37. Ke3 Kf5 38. Kd4 Ke6 39. h3 b5 40. g4 hxg4 41. hxg4 b4 42. Kc5 Kxe5 43. Kxb4 f5 44. a4 fxg4 45. a5 g3 46. a6 g2 47. a7 g1Q 48. a8Q Qe1+ 49. Kb5 Qe2+ 50. Kc6 Qc4+ 51. Kd7 Qb5+ 52. Kc7 g4 53. Qa1+ Kf5 54. Qh1 Qc4+ 55. Kd7 Kf4 56. Qh6+ Kg3 57. Qe3+ Kg2 58. Qd2+ Kf3 59. Qd1+ Kf4 60. Qd2+ Kf5 61. Qf2+ Qf4 62. Qc2+ Kg5 63. Qc5 g3 64. Qe7+ Kg4 65. Qg7+ Kh3 66. Qh7+ Qh4 67. Qd3 Kh2 68. Qxd5 Qh3+ 69. Kd6 g2 70. Qd2 Kh1 71. Qd5 Qh6+ 72. Kd7 Qg7+ 73. Kc6 Qf6+ 74. Kd7 Qh4 75. Kc6 Kh2 76. Qd2 Qc4+ 77. Kd6 Qf1 78. Qh6+ Kg1 79. Qe3+ Qf2 80. Qc1+ Kh2 81. Qh6+ Kg3 82. Qg5+ Kf3 83. Qf5+ Ke2 84. Qb5+ Ke3 85. Qc5+ Ke2 1/2-1/2

[Event "Solingen Karneval op"]
[Site "Solingen"]
[Date "2011.03.05"]
[Round "3"]
[White "Shishkov, Mark"]
[Black "Reinhardt, Klaus"]
[Result "1/2-1/2"]
[WhiteElo "1603"]
[BlackElo "1861"]
[PlyCount "75"]
[EventDate "2011.03.04"]
[EventType "swiss"]
[EventRounds "5"]
[EventCountry "GER"]
[SourceTitle "EXT 2015"]
[Source "ChessBase"]
[SourceDate "2014.11.20"]
[SourceVersion "1"]
[SourceVersionDate "2014.11.20"]
[SourceQuality "1"]

1. d4 d5 2. c4 e6 3. Nf3 Nf6 4. g3 c6 5. Qc2 Bd6 6. Bg2 0-0 7. 0-0 Nbd7 8. Nc3 dxc4 9. e4 e5 10. d5 cxd5 11. exd5 a6 12. Qa4 Nb6 13. Qc2 Bd7 14. Bg5 h6 15. Bxf6 Qxf6 16. Ne4 Qe7 17. Nxd6 Qxd6 18. Rfe1 Rfe8 19. Nd2 f5 20. Rac1 Rac8 21. Nb1 e4 22. g4 Qxd5 23. Rcd1 Qf7 24. gxf5 Bxf5 25. Nc3 e3 26. Qe2 Bd3 27. Qf3 Qxf3 28. Bxf3 exf2+ 29. Kxf2 Rxe1 30. Rxe1 Rc7 31. Re8+ Kf7 32. Rb8 Re7 33. Rxb7 Rxb7 34. Bxb7 a5 35. Ke3 Kf6 36. Ne4+ Ke5 37. Nd2 Nd5+ 38. Kf2 1/2-1/2

[Event "Solingen Karneval op"]
[Site "Solingen"]
[Date "2011.03.04"]
[Round "1"]
[White "Shishkov, Mark"]
[Black "Beil, Detlef"]
[Result "0-1"]
[WhiteElo "1603"]
[BlackElo "1996"]
[PlyCount "48"]
[EventDate "2011.03.04"]
[EventType "swiss"]
[EventRounds "5"]
[EventCountry "GER"]
[SourceTitle "EXT 2015"]
[Source "ChessBase"]
[SourceDate "2014.11.20"]
[SourceVersion "1"]
[SourceVersionDate "2014.11.20"]
[SourceQuality "1"]

1. d4 Nf6 2. c4 e6 3. g3 c5 4. Nf3 cxd4 5. Nxd4 Nc6 6. a3 Qb6 7. Nb3 Bc5 8. Nxc5 Qxc5 9. b3 Qe5 10. Ra2 Qe4 11. f3 Qxb1 12. Rd2 Qf5 13. Bg2 Qc5 14. Rc2 Nd4 15. Rc3 Nf5 16. e4 Ne7 17. b4 Qc7 18. c5 0-0 19. 0-0 d5 20. Rd3 Bd7 21. Bb2 Bb5 22. e5 Nd7 23. Re1 Bxd3 24. Qxd3 a5 0-1

[Event "Cologne Longerich op 7th"]
[Site "Cologne"]
[Date "2010.07.31"]
[Round "2"]
[White "Shishkov, Mark"]
[Black "Karwatzki, Hans Juergen"]
[Result "0-1"]
[WhiteElo "1450"]
[BlackElo "1609"]
[PlyCount "136"]
[EventDate "2010.07.30"]
[EventType "swiss"]
[EventRounds "5"]
[EventCountry "GER"]
[SourceTitle "EXT 2011"]
[Source "ChessBase"]
[SourceDate "2010.11.26"]
[SourceVersion "1"]
[SourceVersionDate "2010.11.26"]
[SourceQuality "1"]

1. d4 Nf6 2. c4 e5 3. dxe5 Ng4 4. Nf3 Nc6 5. e3 Bb4+ 6. Bd2 Qe7 7. Be2 Ngxe5 8. 0-0 a5 9. Nc3 Bxc3 10. Bxc3 Nxf3+ 11. Bxf3 Ra6 12. Bxg7 Rg8 13. Bd4 Ne5 14. Bxe5 Qxe5 15. Qd4 Qg5 16. Qe4+ Re6 17. Qxh7 d6 18. h4 Rh6 19. Qe4+ Qe7 20. Qxe7+ Kxe7 21. h5 Bg4 22. Bxb7 Be2 23. Rfe1 Bxh5 24. b3 Kd7 25. Be4 Bg4 26. g3 Rgh8 27. Bg2 Ke6 28. a3 Rb8 29. Rab1 Bf5 30. e4 Bg6 31. Red1 f5 32. exf5+ Bxf5 33. Rb2 Kf6 34. Rd5 a4 35. b4 Be6 36. Rd4 Rh5 37. Rf4+ Rf5 38. Rxf5+ Bxf5 39. Bc6 Bd3 40. Bxa4 Bxc4 41. Rc2 Bd5 42. Bc6 Bb3 43. Rc3 Be6 44. Bg2 Rc8 45. Bb7 Rb8 46. Rxc7 d5 47. Ba6 d4 48. Bd3 Ra8 49. Bc4 Bh3 50. Kh2 Bf5 51. Rc6+ Ke7 52. Rc5 Bg4 53. Rd5 Bf3 54. Rxd4 Rxa3 55. g4 Bb7 56. Rd3 Ra1 57. g5 Rh1+ 58. Kg3 Rg1+ 59. Kf4 Rb1 60. Re3+ Kf8 61. b5 Rb4 62. Kf5 Rxc4 63. f4 Bc8+ 64. Ke5 Rc5+ 65. Kf6 Rf5+ 66. Kg6 Rxf4 67. Re5 Bd7 68. Rd5 Be8+ 0-1